Alcantarillado sanitario de Ciudad Quesada

সংরক্ষণ করুন:
গ্রন্থ-পঞ্জীর বিবরন
প্রধান লেখক: Carballo Cruz, Juan
বিন্যাস: অজ্ঞাত
প্রকাশিত: [San José, Costa Rica] 1975
বিষয়গুলি:
ট্যাগগুলো: ট্যাগ যুক্ত করুন
কোনো ট্যাগ নেই, প্রথমজন হিসাবে ট্যাগ করুন!

MARC

LEADER 00000 a2200000 4500
003 011481
005 20221231143821.0
008 140114s1975 c a m 000 ||s d
040 |c cru CEDI 
090 |a TFG 563 
100 |a Carballo Cruz, Juan  |9 16725 
245 |a Alcantarillado sanitario de Ciudad Quesada 
260 |c 1975  |a  [San José, Costa Rica] 
300 |a  18 hojas, 13 cuadros (algunas plegables), planos (plegables)  
500 |a  Tesis (Ingeniero Civil) Universidad de Costa Rica.  
650 |x DESAGUES CLOACALES - CIUDAD QUESADA (SAN CARLOS, ALAJUELA, COSTA RICA)  |9 16726 
942 |c TFG 
999 |c 12437  |d 12437